U.S. Cities by Letter - F (Map Quiz) - Statistics

General Stats
  • This quiz has been taken 1,115 times
  • The average score is 12 of 15
Answers on the Map
Answers color-coded by a green-red scale on the quiz's map according to % correct below.
 
Answer Stats
Answer % Correct
Fairbanks
93%
Fort Worth
92%
Fresno
92%
Fort Lauderdale
88%
Fargo
87%
Flagstaff
85%
Frankfort
85%
Flint
81%
Fort Wayne
75%
Fond du Lac
74%
Fort Collins
71%
Fort Myers
69%
Fremont
69%
Fort Smith
63%
Frederick
63%
No matching quizzes found
Score Distribution
Percent of People with Each Score
Percentile by Number Answered
Your Score History
You have not taken this quiz